000 00506nam a2200169Ia 4500
008 090711s9999 xx 000 0 und d
082 _b32859
100 _aभावे पुरुषोत्तम भा.
245 _aअमर वेल
260 _c1974
300 _a179
600 _aभावे पुरुषोत्तम भा.
630 _aअमर वेल
700 _aभावे पुरुषोत्तम भा.
730 _aअमर वेल
942 _cBOOK
999 _c290033
_d290033